LEADER 00702naa a2200157 i 4500 001 000000297175 003 CaOOAMICUS 005 20180831172559.0 008 180831n xx u000 u und u 013 $a4687 040 $aSeMil$bita 100 1 $aJablonski, Szczepan Zachariasz .$0(OLS)http://semarc/name/85612 245 12$aL'esperienza pastorale contemporanea dei pellegrinaggi a Jasna Gora. 650 4$aCz?stochowa - Santuario di Jasna Góra.$0(OLS)http://semarc/subject/46455 773 0 $tStoria religiosa della Polonia.$dMilano : La Casa di Matriona, 1985.$kRicerche$w()36372 996 $6245$aL'esperienza pastorale contemporanea dei pellegrinaggi a Jasna Gora$9(OLS)http://semarc/title/373211 LEADER 00885nam a2200205 i 4500 001 000000063003 003 CaOOAMICUS 005 20260515142718.0 008 130326s1960 xx u000 u ger u 013 $a34175 040 $aSeMil$bita 245 14$aDie christliche Lehre von der Kirche vom Glauben und von der Vollendung /$cEmil Brunner. 264 1$aZürich ; Stuttgart :$bZwingli,$c1960. 300 $a503 p. ;$c22 cm 773 0 $aBrunner, Emil <1889-1966>$tDogmatik.$b3. Aufl.$dZürich ; Stuttgart : Zwingli, 1960.$g3$w()28258 850 $aSeMil 852 $aSeMil$W1$xVenegono$y1$m2B II 670$j272064$B29156$CSeMilBibl$Z2$F29159 $81 996 $6245$aDie christliche Lehre von der Kirche vom Glauben und von der Vollendung$9(OLS)http://semarc/title/99279 996 $6264$aZürich ; Stuttgart :$bZwingli$9(OLS)http://semarc/publisher/32408